000 00740nam a2200289 a 4500
003 AR-BaBNM
005 20251128204634.0
008 082120s2002 ||||||||||||||000 | spa||
020 _a950737-008-0
040 _cAR-BaBNM
245 0 0 _aLa revuelta surrealista
250 _a2ยช ed.
260 _aBuenos Aires
_bCoquena Grupo Editor
_bLibros del Quirquincho
_c1990
300 _a76 p.
_bil.
490 0 _aLibros para nada
_vv. 1
650 4 _aLITERATURA
650 4 _aPOESIA
650 4 _aLITERATURA FRANCESA
650 4 _aDADAISMO
650 4 _aANTOLOGIAS
653 _aSURREALISMO
655 _aLITERATURA
700 1 _aSetton, Yaki
_ecompilador
800 1 _aBombini, Gustavo
_edirector
942 _cBK
998 _cCarmen
999 _c8189
_d8189